| 000 | 01415nam0a2200289 4500 | ||
|---|---|---|---|
| 001 | RU\NLR\bibl\1085972 | ||
| 005 | 20250615051356.0 | ||
| 010 |
_a978-5-93392-108-0 _93000 |
||
| 021 |
_aRU _b2007-23061 _91220 |
||
| 035 | _a(NLR Aleph) 001073134 | ||
| 090 |
_a1011488 _c1011488 |
||
| 100 | _a20070515d2007 |||y0rusy50 ca | ||
| 101 | 1 |
_arus _cund |
|
| 102 | _aRU | ||
| 105 | _aa ||||||||| | ||
| 200 | 1 |
_aRenault Megane _e10/2002-2005 _eмодели с бензиновыми и дизельными двигателями _eруководство по эксплуатации, цветные электросхемы |
|
| 210 |
_aСанкт-Петербург _cАлфамер _cАлфамер Паблишинг _d2007 |
||
| 215 |
_aразд. паг. _cил., цв. ил. _d28 |
||
| 225 | 1 | _aHaynes Ремонт и техническое обслуживание | |
| 606 | 1 |
_aRenault "Megane", легковые автомобили _jРуководства, пособия и т.п. _xРемонт _92368692 _3RU\NLR\auth\661413950 |
|
| 606 | 1 |
_aRenault "Megane", легковые автомобили _jРуководства, пособия и т.п. _xТехническое обслуживание _92368694 _3RU\NLR\auth\661413951 |
|
| 686 | _aО335.52-08я7 | ||
| 801 | 0 |
_aRU _bNLR _c20070515 _gRCR |
|
| 801 | 1 |
_aRU _bNLR _c20070515 |
|
| 942 | _cBOOK | ||
| 980 | _aNB | ||